000 00564nam a2200193Ia 4500
003 IN-BaIIA
008 211028s9999 xx 000 0 eng d
040 _cIIA Library
080 _a523.682
_bMCK
100 _aMcKinley, D. W. R.
_94602
245 0 _aMeteor Science and Engineering
_ba study
_c D.W.R. McKinley
260 _aNew York
_bMcGraw-Hill
_c1961
300 _aix, 309p.
490 _aMcGraw-Hill Paper-Backs Science,Mathematics Engineering
650 _aAstronomy and Astrophysics Thesaurus
650 _aMeteorites
650 _aMeteors
942 _cBK
999 _c2590
_d2590